000 00460nam a2200181Ia 4500
001 16057
005 20260306170241.0
008 260306t2013||||xx |||||||||||||| ||und||
041 _aESP
082 _a346.6
_bB135
100 _aBenítez Caorsi, Juan J.
_eAUT
245 0 _aSolidaridad contractual:
_bnoción posmoderna del contrato
260 _c2013
300 _a311 páginas :
_c24 cm.
650 _aGEN
654 _aCDE
942 _cLIB
_dJUS
_fJUS
_2ddc
_n
999 _c16057
_d16057